[Event "Open Tabor 2019"]
[Site "?"]
[Date "2019.07.29"]
[Round "1.32"]
[White "Christen, Pierre"]
[Black "Policar, Martin"]
[Result "1-0"]
[WhiteElo "1862"]
[BlackElo "1045"]
[PlyCount "57"]
[SourceDate "2019.07.29"]

1. c4 e5 2. g3 Nc6 3. Nc3 Nf6 4. Bg2 Bc5 5. e3 O-O 6. Nge2 d6 7. O-O Be6 8. d4
exd4 9. exd4 Bb4 10. d5 Bxc3 11. dxe6 Be5 12. exf7+ Rxf7 13. f4 Bd4+ 14. Nxd4
Nxd4 15. Qxd4 c5 16. Qd3 Qa5 17. Bd2 Qb6 18. Bc3 Re8 19. Bxf6 Rxf6 20. Rae1
Rfe6 21. Rxe6 Rxe6 22. Bd5 Kf7 23. Qf5+ Ke8 24. Qxe6+ Kd8 25. Qg8+ Ke7 26. Qf7+
Kd8 27. Re1 Qc6 28. Bxc6 bxc6 29. Re8# 1-0

[Event "Open Tabor 2019"]
[Site "?"]
[Date "2019.07.29"]
[Round "1.33"]
[White "Benes, Jiri"]
[Black "Zidu, Jan"]
[Result "0-1"]
[WhiteElo "1000"]
[BlackElo "1852"]
[PlyCount "106"]
[SourceDate "2019.07.29"]

1. d4 Nf6 2. c4 e6 3. Nf3 b6 4. Nc3 Bb7 5. e3 Be7 6. Bd3 O-O 7. O-O d5 8. Qc2
Nbd7 9. Bd2 h6 10. Rac1 c5 11. cxd5 Nxd5 12. Nxd5 Bxd5 13. Be2 Nf6 14. a3 a5
15. dxc5 Bxc5 16. b4 axb4 17. Bxb4 Bxb4 18. axb4 Ra2 19. Qd1 Qe7 20. b5 Rd8 21.
Qe1 Rda8 22. Nd4 Ne4 23. f3 Nd2 24. Rf2 Qa3 25. Nc2 Qc3 26. Bd1 Qb2 27. Qxd2
Qxb5 28. Qc3 Qd7 29. Nd4 R2a3 30. Qe1 e5 31. Nc2 R3a5 32. Rd2 Qb7 33. Nb4 Be6
34. Rdc2 b5 35. Kh1 Ra3 36. e4 Bc4 37. Be2 Re3 38. Nd5 Bxd5 39. exd5 Qxd5 40.
Rc8+ Rxc8 41. Rxc8+ Kh7 42. Rc2 Qb3 43. Rd2 b4 44. Kg1 Qc3 45. Qd1 Qc5 46. Kf1
b3 47. Bd3+ g6 48. Bb1 Rc3 49. Qe1 b2 50. Rd5 Qc4+ 51. Kg1 Rc1 52. Rd1 Rxd1 53.
Qxd1 Qc1 0-1

[Event "Open Tabor 2019"]
[Site "?"]
[Date "2019.07.29"]
[Round "1.34"]
[White "Otradovec, Lubos"]
[Black "Kubes, Patrik"]
[Result "1-0"]
[WhiteElo "1843"]
[BlackElo "1000"]
[PlyCount "73"]
[SourceDate "2019.07.29"]

1. e4 e5 2. d4 exd4 3. c3 d6 4. cxd4 f5 5. Nc3 Nf6 6. Bd3 fxe4 7. Nxe4 Nc6 8.
Ne2 Bg4 9. f3 Bh5 10. O-O h6 11. Qa4 d5 12. N4g3 Bd6 13. Nxh5 Qe7 14. Bg6+ Kd7
15. Bf5+ Ke8 16. Nhf4 Bxf4 17. Nxf4 Qb4 18. Qxb4 Nxb4 19. Re1+ Kf8 20. Ng6+ Kg8
21. Nxh8 Kxh8 22. Bf4 Rf8 23. Be5 Nd7 24. Bxd7 Nc2 25. Kf2 Nxa1 26. Rxa1 Rd8
27. Be6 c5 28. b3 Kh7 29. Rc1 b6 30. f4 Rf8 31. dxc5 g5 32. g3 Kg6 33. c6 Re8
34. f5+ Kh5 35. Bf7+ Kg4 36. Bxe8 Kxf5 37. c7 1-0

[Event "Open Tabor 2019"]
[Site "?"]
[Date "2019.07.30"]
[Round "2.1"]
[White "Heinzel, Olaf"]
[Black "Eretova, Jana"]
[Result "1-0"]
[WhiteElo "2321"]
[BlackElo "1981"]
[PlyCount "55"]
[SourceDate "2019.07.29"]

1. d4 Nf6 2. Nf3 d6 3. g3 Nbd7 4. Bg2 e5 5. dxe5 dxe5 6. O-O Be7 7. Nbd2 h6 8.
Nc4 e4 9. Nfd2 Nc5 10. c3 a5 11. Qc2 b5 12. Ne3 Bb7 13. Rd1 Qc8 14. b4 axb4 15.
cxb4 Na6 16. Nxe4 Nxb4 17. Qb1 O-O 18. Bd2 c5 19. a3 Nxe4 20. Bxe4 Bf6 21. Nf5
Bxe4 22. Qxe4 Qe6 23. Qg4 Kh7 24. Rac1 Rxa3 25. Bxh6 gxh6 26. Rd6 Bg5 27. Rxc5
Qb3 28. Qh5 1-0

[Event "Open Tabor 2019"]
[Site "?"]
[Date "2019.07.30"]
[Round "2.2"]
[White "Musil, Vitezslav"]
[Black "Borkovec, Milan"]
[Result "0-1"]
[WhiteElo "1978"]
[BlackElo "2253"]
[PlyCount "58"]
[SourceDate "2019.07.29"]

1. e4 c5 2. Nf3 e6 3. d4 cxd4 4. Nxd4 Nf6 5. Nc3 d6 6. g4 h6 7. h4 Be7 8. g5
hxg5 9. Bxg5 Nc6 10. Qd2 a6 11. O-O-O Qb6 12. Be2 Nxd4 13. Qxd4 Qxd4 14. Rxd4
Bd7 15. Rhd1 Bc6 16. f4 Rc8 17. Bf3 b5 18. a3 a5 19. Be2 e5 20. Bxf6 exd4 21.
Bxd4 Rxh4 22. Bxg7 Rxf4 23. Rg1 b4 24. axb4 axb4 25. Bh6 Rh4 26. Rg8+ Kd7 27.
Bg4+ Rxg4 28. Rxg4 bxc3 29. bxc3 Bf6 0-1

[Event "Open Tabor 2019"]
[Site "?"]
[Date "2019.07.30"]
[Round "2.3"]
[White "Bartos, Alois"]
[Black "Volodin, Viktor"]
[Result "1-0"]
[WhiteElo "1953"]
[BlackElo "2178"]
[PlyCount "111"]
[SourceDate "2019.07.29"]

1. e4 c5 2. Nf3 a6 3. c3 Nf6 4. e5 Nd5 5. d4 cxd4 6. cxd4 d6 7. Be2 g6 8. O-O
Bg7 9. Nc3 Nxc3 10. bxc3 O-O 11. Bf4 d5 12. Qd2 Bg4 13. Rfd1 Nc6 14. c4 Na5 15.
cxd5 Qxd5 16. h3 Bd7 17. Ng5 Ba4 18. Bf3 Qd8 19. Rdc1 Nc6 20. Be3 Qb8 21. Rab1
h6 22. Nxf7 Kxf7 23. Bxc6 Bxc6 24. Rxc6 Qe8 25. Rcb6 Rd8 26. Bxh6 Bxe5 27. Bxf8
Qxf8 28. Qg5 Bd6 29. Rxb7 Qg7 30. Qa5 Qxd4 31. R7b3 Kg7 32. Qc3 Be5 33. Qxd4
Bxd4 34. Kf1 Rf8 35. f3 Rc8 36. Rd3 e5 37. Ke2 Rc2+ 38. Rd2 Rc3 39. Rb3 Rc1 40.
Kd3 g5 41. Ke4 Kf6 42. g4 Ke6 43. Rxd4 exd4 44. Rb6+ Ke7 45. Kxd4 a5 46. Ra6
Rh1 47. Rxa5 Rxh3 48. Ke4 Rh2 49. Rxg5 Rxa2 50. Rf5 Ra4+ 51. Ke3 Ke6 52. Kf2
Ra2+ 53. Kg3 Ra3 54. Kh4 Ra8 55. f4 Rh8+ 56. Rh5 1-0

[Event "Open Tabor 2019"]
[Site "?"]
[Date "2019.07.30"]
[Round "2.4"]
[White "Lys, Josef"]
[Black "Gruber, Milos"]
[Result "1-0"]
[WhiteElo "2149"]
[BlackElo "1937"]
[PlyCount "61"]
[SourceDate "2019.07.29"]

1. d4 Nf6 2. Bg5 d5 3. Nd2 g6 4. c3 Bg7 5. e3 c6 6. Bd3 b6 7. Qe2 Nbd7 8. f4
Bb7 9. Ngf3 Qc7 10. O-O c5 11. Ne5 Ne4 12. Nxe4 dxe4 13. Bb5 Bxe5 14. fxe5 h6
15. Bh4 g5 16. Bg3 e6 17. Qh5 Rh7 18. Rxf7 Rxf7 19. Rf1 O-O-O 20. Rxf7 cxd4 21.
exd4 a6 22. Be2 b5 23. a3 Rh8 24. Qg6 Bd5 25. Qg7 Rd8 26. Qxh6 Bc4 27. Bg4 Qc6
28. Qxg5 Qd5 29. h4 Bd3 30. h5 Qa2 31. h6 1-0

[Event "Open Tabor 2019"]
[Site "?"]
[Date "2019.07.30"]
[Round "2.5"]
[White "Kovar, Petr"]
[Black "den Boer, Lennard"]
[Result "0-1"]
[WhiteElo "1937"]
[BlackElo "2146"]
[PlyCount "50"]
[SourceDate "2019.07.29"]

1. Nf3 d5 2. c4 c6 3. g3 Nf6 4. Bg2 e6 5. b3 Nbd7 6. O-O Bd6 7. Ba3 Bxa3 8.
Nxa3 Qe7 9. Qc1 O-O 10. Qb2 a5 11. d3 Re8 12. Rac1 e5 13. cxd5 Nxd5 14. Nd2
N7f6 15. Nc2 Bg4 16. Rfe1 Qd7 17. Nc4 Qe6 18. N2e3 Bh3 19. Bh1 a4 20. b4 Rad8
21. b5 e4 22. bxc6 bxc6 23. dxe4 Nxe4 24. Bf3 Nxe3 25. fxe3 Nd2 0-1

[Event "Open Tabor 2019"]
[Site "?"]
[Date "2019.07.30"]
[Round "2.6"]
[White "Hasek, Vaclav"]
[Black "Stinka, Jakub"]
[Result "1/2-1/2"]
[WhiteElo "1929"]
[BlackElo "2135"]
[PlyCount "67"]
[SourceDate "2019.07.29"]

1. Nf3 Nf6 2. d4 e6 3. c4 c5 4. e3 d5 5. cxd5 exd5 6. dxc5 Bxc5 7. Nc3 a6 8. a3
Nc6 9. b4 Ba7 10. Be2 O-O 11. O-O Bg4 12. Bb2 Qd6 13. Nd4 Bxd4 14. Bxg4 Be5 15.
f4 Bxc3 16. Bxc3 Nxg4 17. Qxg4 f6 18. Rad1 Rfe8 19. Qf3 Rad8 20. Rd3 Re4 21.
Rfd1 Qe7 22. Kf2 Re8 23. R1d2 d4 24. exd4 Rxd4 25. Re3 Qxe3+ 26. Qxe3 Rxe3 27.
Kxe3 Rxd2 28. Bxd2 f5 29. a4 b5 30. axb5 axb5 31. g3 Kf7 32. Bc3 g6 33. Kf3 Ke6
34. Be1 1/2-1/2

[Event "Open Tabor 2019"]
[Site "?"]
[Date "2019.07.30"]
[Round "2.9"]
[White "Zilavy, Jan"]
[Black "Rybin, Jan"]
[Result "1-0"]
[WhiteElo "2118"]
[BlackElo "1900"]
[PlyCount "63"]
[SourceDate "2019.07.29"]

1. e4 c6 2. d4 d5 3. Nc3 dxe4 4. Nxe4 Nd7 5. Bc4 Ngf6 6. Ng5 e6 7. Qe2 Nb6 8.
Bb3 h6 9. N5f3 Be7 10. Ne5 O-O 11. Ngf3 c5 12. dxc5 Bxc5 13. g4 Qc7 14. g5 hxg5
15. Bxg5 Nfd5 16. Rg1 f6 17. Bh6 fxe5 18. Rxg7+ Qxg7 19. Bxg7 Kxg7 20. O-O-O
Bd6 21. Ng5 e4 22. Nxe4 Bf4+ 23. Kb1 Bd7 24. Qh5 Rg8 25. c4 Be8 26. Rg1+ Kf8
27. Rxg8+ Kxg8 28. Qg4+ Kh8 29. cxd5 Bh6 30. Qxe6 Bg7 31. d6 Bd7 32. Qg6 1-0

[Event "Open Tabor 2019"]
[Site "?"]
[Date "2019.07.30"]
[Round "2.8"]
[White "Svetly, Jiri"]
[Black "Parak, Dominik"]
[Result "1-0"]
[WhiteElo "1895"]
[BlackElo "2091"]
[PlyCount "73"]
[SourceDate "2019.07.29"]

1. d4 d5 2. c4 c6 3. Nc3 Nf6 4. Nf3 e6 5. Bg5 Be7 6. e3 O-O 7. Qc2 Nbd7 8. cxd5
exd5 9. Bd3 Re8 10. O-O h6 11. Bh4 Ne4 12. Bg3 Nxg3 13. hxg3 Bd6 14. Rfe1 Nf6
15. a3 Bg4 16. b4 Rc8 17. Rac1 Qe7 18. Nh2 Bd7 19. f4 Qd8 20. e4 dxe4 21. Nxe4
Nxe4 22. Bxe4 Qf6 23. Nf3 Bc7 24. Kh2 Bb6 25. Rcd1 Bg4 26. Rd2 Bxf3 27. gxf3
Bxd4 28. Red1 Rcd8 29. a4 Re7 30. Bf5 g6 31. Bxg6 Rd5 32. Be4 Rh5+ 33. Kg2 Be3
34. Rd8+ Kg7 35. Bh7 Qe6 36. Rg8+ Kf6 37. Qc3+ 1-0

[Event "Open Tabor 2019"]
[Site "?"]
[Date "2019.07.30"]
[Round "2.9"]
[White "Nehyba, Martin"]
[Black "Mihal, Sergej"]
[Result "1-0"]
[WhiteElo "2090"]
[BlackElo "1890"]
[PlyCount "75"]
[SourceDate "2019.07.29"]

1. e4 e5 2. Nf3 Nc6 3. Bc4 Bc5 4. c3 Nf6 5. d3 d6 6. O-O O-O 7. Bg5 Bg4 8. a4
a5 9. Nbd2 h6 10. Bh4 g5 11. Bg3 Nh5 12. Kh1 Qd7 13. h3 Be6 14. Bh2 Nf4 15.
Bxf4 gxf4 16. Bb5 Kh7 17. d4 Rg8 18. Rg1 exd4 19. cxd4 Bxh3 20. dxc5 Bg4 21.
Qc2 f5 22. exf5 Bxf5 23. Bd3 Bg6 24. Bxg6+ Rxg6 25. Nh4 Rag8 26. Ndf3 Ne5 27.
Nxe5 dxe5 28. Nxg6 Rxg6 29. Rad1 Qg4 30. Qd3 Qh4+ 31. Qh3 Qxf2 32. Rd7+ Kg8 33.
Rd8+ Kh7 34. Qd7+ Rg7 35. Qf5+ Rg6 36. Rd7+ Kh8 37. Qf8+ Rg8 38. Qxh6# 1-0

[Event "Open Tabor 2019"]
[Site "?"]
[Date "2019.07.30"]
[Round "2.10"]
[White "Krbusik, Marian"]
[Black "Hurtak, Otto"]
[Result "1/2-1/2"]
[WhiteElo "1881"]
[BlackElo "2048"]
[PlyCount "29"]
[SourceDate "2019.07.29"]

1. d4 d5 2. Bg5 Nf6 3. Bxf6 exf6 4. Nf3 c6 5. e3 Bf5 6. Bd3 Bg6 7. Nh4 Bd6 8.
Nf5 Bxf5 9. Bxf5 g6 10. Bd3 Nd7 11. Nd2 f5 12. Nf3 Nf6 13. O-O O-O 14. c4 Rc8
15. Qa4 1/2-1/2

[Event "Open Tabor 2019"]
[Site "?"]
[Date "2019.07.30"]
[Round "2.11"]
[White "Michalcak, Lubomir"]
[Black "Lizner, Milan"]
[Result "1-0"]
[WhiteElo "2031"]
[BlackElo "1884"]
[PlyCount "83"]
[SourceDate "2019.07.29"]

1. d4 f5 2. c4 Nf6 3. Nc3 g6 4. Nf3 Bg7 5. g3 d6 6. Bg2 c6 7. O-O O-O 8. Rb1
Qe8 9. d5 c5 10. a3 Na6 11. Bd2 e5 12. dxe6 Bxe6 13. Ng5 Bxc4 14. b3 Bb5 15.
Nxb5 Qxb5 16. Ne6 Rf7 17. Nxg7 Kxg7 18. Bc3 Rd7 19. e4 fxe4 20. Bxe4 Nc7 21. a4
Qb6 22. a5 Qb5 23. Qf3 Rf8 24. Rbd1 Ne6 25. Rd5 Kg8 26. Bxf6 Rdf7 27. Qd3 Qxd3
28. Rxd3 Rxf6 29. Rxd6 Nd8 30. Rfd1 Nc6 31. Bd5+ Kh8 32. Bxc6 bxc6 33. Rxf6
Rxf6 34. Rd7 Rf3 35. Rb7 Rc3 36. Kf1 Rc1+ 37. Ke2 Rb1 38. a6 Ra1 39. Rxa7 Ra3
40. Kd3 Rxb3+ 41. Kc4 Rb5 42. Rb7 1-0

[Event "Open Tabor 2019"]
[Site "?"]
[Date "2019.07.30"]
[Round "2.12"]
[White "Zidu, Jan"]
[Black "Brom, Jiri"]
[Result "0-1"]
[WhiteElo "1852"]
[BlackElo "2018"]
[PlyCount "78"]
[SourceDate "2019.07.29"]

1. Nf3 Nf6 2. c4 g6 3. Nc3 Bg7 4. g3 O-O 5. Bg2 d6 6. d4 Nc6 7. d5 Na5 8. Qd3
c5 9. O-O e5 10. Bg5 h6 11. Bxf6 Bxf6 12. e4 a6 13. Nd2 Rb8 14. a4 Bg7 15. Rab1
b6 16. f3 Bd7 17. b3 h5 18. Rf2 Bh6 19. Ne2 b5 20. axb5 axb5 21. f4 bxc4 22.
bxc4 Rxb1+ 23. Nxb1 Qb6 24. Nd2 Qb2 25. Rf1 Bg4 26. Bf3 Bxf3 27. Nxf3 exf4 28.
Rb1 Qa2 29. gxf4 Qxc4 30. Qxc4 Nxc4 31. e5 Rd8 32. Rc1 Ne3 33. exd6 Nxd5 34.
Rxc5 Nxf4 35. Nxf4 Bxf4 36. Kg2 Rxd6 37. h4 Kg7 38. Rb5 f6 39. Rb7+ Kh6 0-1

[Event "Open Tabor 2019"]
[Site "?"]
[Date "2019.07.30"]
[Round "2.13"]
[White "Petrak, Robert"]
[Black "Christen, Pierre"]
[Result "1-0"]
[WhiteElo "2017"]
[BlackElo "1862"]
[PlyCount "94"]
[SourceDate "2019.07.29"]

1. e3 Nf6 2. Ne2 c5 3. g3 Nc6 4. Bg2 g6 5. O-O Bg7 6. c4 O-O 7. Nbc3 d6 8. d4
Nd7 9. b3 a6 10. Bb2 Rb8 11. Qd2 cxd4 12. exd4 Qa5 13. Rad1 Nf6 14. h3 Bd7 15.
a3 Rfd8 16. d5 Na7 17. Qe3 Nc8 18. Rfe1 Qb6 19. Nd4 Re8 20. Nce2 e5 21. dxe6
fxe6 22. Nc1 e5 23. Nc2 Qxe3 24. Nxe3 Bc6 25. Bf1 Bf3 26. Ne2 Kf7 27. Bg2 Bxg2
28. Kxg2 b5 29. cxb5 Rxb5 30. b4 Rb7 31. Nc3 Rf8 32. Ncd5 Nxd5 33. Nxd5 Ne7 34.
Ne3 Nf5 35. Nd5 Ne7 36. Re2 Nxd5 37. Rxd5 Ke6 38. Ra5 Ra8 39. f4 Rb5 40. Rxb5
axb5 41. fxe5 d5 42. Rc2 Kd7 43. Kf3 Ke7 44. Ke3 Rf8 45. Kd4 Rf3 46. Kxd5 Rd3+
47. Bd4 Rxa3 1-0

[Event "Open Tabor 2019"]
[Site "?"]
[Date "2019.07.30"]
[Round "3.1"]
[White "Brom, Jiri"]
[Black "Heinzel, Olaf"]
[Result "1/2-1/2"]
[WhiteElo "2018"]
[BlackElo "2321"]
[PlyCount "33"]
[SourceDate "2019.07.29"]

1. d4 Nf6 2. Nf3 c5 3. c4 cxd4 4. Nxd4 Nc6 5. Nc3 g6 6. e4 Bg7 7. Be3 Ng4 8.
Qxg4 Nxd4 9. Qd1 Nc6 10. Qd2 Qa5 11. Rc1 d6 12. Be2 Be6 13. b3 O-O 14. Nd5
Qxd2+ 15. Kxd2 Rac8 16. Bd3 Rfe8 17. Bb1 1/2-1/2

[Event "Open Tabor 2019"]
[Site "?"]
[Date "2019.07.30"]
[Round "3.2"]
[White "Borkovec, Milan"]
[Black "Petrak, Robert"]
[Result "1-0"]
[WhiteElo "2253"]
[BlackElo "2017"]
[PlyCount "53"]
[SourceDate "2019.07.29"]

1. e4 Nf6 2. e5 Nd5 3. d4 d6 4. c4 Nb6 5. exd6 Qxd6 6. Nc3 g6 7. Be2 Qd8 8. Be3
Bg7 9. Nf3 O-O 10. h3 Nc6 11. O-O Bd7 12. c5 Nc8 13. d5 Ne5 14. Bf4 Nxf3+ 15.
Bxf3 Rb8 16. Qd2 b6 17. b4 bxc5 18. bxc5 Rb4 19. Be3 e6 20. Rac1 exd5 21. Nxd5
Rb2 22. Qa5 c6 23. Qxd8 Rxd8 24. Bg5 Re8 25. Nf6+ Bxf6 26. Bxf6 Rxa2 27. Rfd1
1-0

[Event "Open Tabor 2019"]
[Site "?"]
[Date "2019.07.30"]
[Round "3.3"]
[White "Loskot, Petr"]
[Black "Lys, Josef"]
[Result "1/2-1/2"]
[WhiteElo "1999"]
[BlackElo "2149"]
[PlyCount "83"]
[SourceDate "2019.07.29"]

1. e4 c5 2. Nf3 Nc6 3. Bb5 g6 4. O-O Bg7 5. c3 Nf6 6. Re1 O-O 7. d4 cxd4 8.
cxd4 d6 9. h3 a6 10. Bxc6 bxc6 11. Nc3 Rb8 12. Qc2 Qb6 13. Rb1 d5 14. Bf4 Rb7
15. Na4 Qb5 16. Nc5 dxe4 17. a4 Qb6 18. a5 Qb5 19. Ne5 Ra7 20. Rbc1 Nd5 21.
Qxe4 f6 22. Nc4 f5 23. Qf3 Bxd4 24. Ne6 Bxe6 25. Rxe6 Nxf4 26. Qxf4 Qd5 27. Re2
c5 28. Nb6 Qf7 29. Nc4 Rb7 30. Qf3 Rfb8 31. Qc6 Ra7 32. Re6 Rbb7 33. Rc2 Rc7
34. Qd5 Rd7 35. Qc6 Rdc7 36. Qd5 Kg7 37. Rce2 Bf6 38. Nb6 Qf8 39. Qc4 Qd8 40.
Nd5 Rd7 41. Nxf6 exf6 42. Qxc5 1/2-1/2

[Event "Open Tabor 2019"]
[Site "?"]
[Date "2019.07.30"]
[Round "3.4"]
[White "den Boer, Lennard"]
[Black "Bartos, Alois"]
[Result "1-0"]
[WhiteElo "2146"]
[BlackElo "1953"]
[PlyCount "49"]
[SourceDate "2019.07.29"]

1. e4 c5 2. c3 d5 3. exd5 Qxd5 4. d4 Nf6 5. Nf3 Nc6 6. dxc5 Qxc5 7. Be3 Qh5 8.
Na3 a6 9. Be2 Bg4 10. Nc4 b5 11. Nb6 Rd8 12. Qb3 e6 13. Rd1 Bd6 14. a4 O-O 15.
axb5 axb5 16. Qxb5 Bxf3 17. gxf3 Ne5 18. h3 Nxf3+ 19. Kf1 Be5 20. Rxd8 Rxd8 21.
Qc6 Nh2+ 22. Rxh2 Qg6 23. f4 Qg3 24. fxe5 Qxe5 25. Qf3 1-0

[Event "Open Tabor 2019"]
[Site "?"]
[Date "2019.07.30"]
[Round "3.5"]
[White "Kubin, Petr"]
[Black "Zilavy, Jan"]
[Result "1/2-1/2"]
[WhiteElo "1997"]
[BlackElo "2118"]
[PlyCount "88"]
[SourceDate "2019.07.29"]

1. d4 Nf6 2. c4 e6 3. Nc3 Bb4 4. Qc2 Nc6 5. Nf3 d6 6. a3 Bxc3+ 7. Qxc3 O-O 8.
e3 Qe7 9. Be2 e5 10. dxe5 dxe5 11. b4 e4 12. Nd2 Re8 13. Bb2 Ne5 14. Qxe5 Qxe5
15. Bxe5 Rxe5 16. O-O Bg4 17. Bxg4 Nxg4 18. h3 Nf6 19. Rfd1 Kf8 20. Nb3 Ke7 21.
Rd2 Rc8 22. Rad1 b6 23. c5 c6 24. cxb6 axb6 25. Rc1 c5 26. bxc5 bxc5 27. Na5
Rd5 28. Rb2 Nd7 29. Rb7 Ke6 30. Nc4 Rc6 31. Kf1 Ne5 32. Ke2 h5 33. f3 exf3+ 34.
gxf3 Ra6 35. Nxe5 Rxe5 36. Rc3 Rg5 37. Rc7 Rg3 38. R7xc5 Rxh3 39. Kf2 h4 40.
Rg5 Rh2+ 41. Kg1 Ra2 42. Rxg7 h3 43. Rh7 Rb6 44. Rc1 Rxa3 1/2-1/2

[Event "Open Tabor 2019"]
[Site "?"]
[Date "2019.07.30"]
[Round "3.6"]
[White "Svetly, Jiri"]
[Black "Nehyba, Martin"]
[Result "0-1"]
[WhiteElo "1895"]
[BlackElo "2090"]
[PlyCount "96"]
[SourceDate "2019.07.29"]

1. d4 f5 2. c4 Nf6 3. Nc3 g6 4. g3 Bg7 5. Nf3 O-O 6. Bg2 d6 7. O-O c6 8. Rb1 a5
9. d5 e5 10. dxe6 Bxe6 11. b3 Qd7 12. Ng5 Na6 13. Qd2 Nc7 14. Bb2 Rfd8 15. Nxe6
Qxe6 16. e3 d5 17. cxd5 Ncxd5 18. Nxd5 Nxd5 19. Bxg7 Kxg7 20. Rfd1 Qf6 21. Bxd5
Rxd5 22. Qc2 Rad8 23. Rxd5 Rxd5 24. Rd1 Qd6 25. Rxd5 Qxd5 26. h4 Kf7 27. Kf1
Ke6 28. Ke2 Kd6 29. Qc3 Qb5+ 30. Kf3 Qe5 31. Qc2 b6 32. Qd3+ Qd5+ 33. Qxd5+
Kxd5 34. Kf4 b5 35. g4 fxg4 36. Kxg4 Ke4 37. h5 c5 38. Kg5 c4 39. hxg6 hxg6 40.
Kxg6 c3 41. f4 c2 42. f5 c1=Q 43. f6 Qxe3 44. f7 Qf4 45. Kg7 Qg5+ 46. Kf8 Ke5
47. a4 Ke6 48. axb5 Qg6 0-1

[Event "Open Tabor 2019"]
[Site "?"]
[Date "2019.07.30"]
[Round "3.7"]
[White "Pavlicek, Petr"]
[Black "Michalcak, Lubomir"]
[Result "1/2-1/2"]
[WhiteElo "1828"]
[BlackElo "2031"]
[PlyCount "71"]
[SourceDate "2019.07.29"]

1. e4 c6 2. d4 d5 3. exd5 cxd5 4. c4 Nf6 5. Nc3 g6 6. Qb3 Bg7 7. cxd5 O-O 8.
Be2 Qb6 9. Qxb6 axb6 10. Bf3 Na6 11. Nge2 Nb4 12. O-O Rd8 13. Bg5 Nbxd5 14.
Nxd5 Nxd5 15. Bxd5 Rxd5 16. Bxe7 Bg4 17. Nc3 Rxd4 18. h3 Be6 19. Rfd1 Rc4 20.
a3 h6 21. Rd2 Kh7 22. Rad1 Rac8 23. Rd6 Re8 24. Bd8 b5 25. Ba5 Ra8 26. Bb4 Bf8
27. Rb6 Bxb4 28. axb4 Rxb4 29. Rxb7 Bc4 30. Rd2 Kg7 31. Ne4 Ra1+ 32. Kh2 Rba4
33. Nd6 Ra7 34. Rxa7 Rxa7 35. Nxc4 bxc4 36. Rc2 1/2-1/2

[Event "Open Tabor 2019"]
[Site "?"]
[Date "2019.07.30"]
[Round "3.8"]
[White "Straka, Zdenek"]
[Black "Kotal, Vaclav"]
[Result "0-1"]
[WhiteElo "1730"]
[BlackElo "2205"]
[PlyCount "36"]
[SourceDate "2019.07.29"]

1. e4 c5 2. Nf3 d6 3. d4 cxd4 4. Nxd4 Nf6 5. Nc3 Nc6 6. Be2 e5 7. Nb3 Be7 8.
O-O O-O 9. Be3 a5 10. a4 Nb4 11. f4 Be6 12. f5 Bxb3 13. cxb3 d5 14. exd5 Nfxd5
15. Nxd5 Nxd5 16. Bf2 Bg5 17. Qd3 Nf4 18. Qxd8 Nxe2+ 0-1

[Event "Open Tabor 2019"]
[Site "?"]
[Date "2019.07.30"]
[Round "3.9"]
[White "Hurtak, Otto"]
[Black "Chval, Zdenek"]
[Result "1/2-1/2"]
[WhiteElo "2048"]
[BlackElo "2145"]
[PlyCount "100"]
[SourceDate "2019.07.29"]

1. d4 Nf6 2. Nf3 g6 3. c4 Bg7 4. Nc3 O-O 5. e4 d6 6. Be2 e5 7. dxe5 dxe5 8.
Qxd8 Rxd8 9. Bg5 Re8 10. Nd5 Nxd5 11. cxd5 c6 12. Bc4 cxd5 13. Bxd5 Nc6 14.
O-O-O Nb4 15. Bb3 a5 16. a3 Nc6 17. Kb1 Nd4 18. Bd5 Ra6 19. Rc1 Be6 20. Bxe6
Nxe6 21. Be3 f5 22. Ng5 f4 23. Nxe6 Raxe6 24. Bd2 b6 25. Rhd1 Rd8 26. Bc3 Red6
27. Kc2 Kf7 28. Rxd6 Rxd6 29. Rd1 Rxd1 30. Kxd1 Ke6 31. Ke2 Bf8 32. f3 Bc5 33.
Kd3 Kd6 34. Kc4 Be3 35. h3 Bf2 36. b3 Be3 37. a4 Bf2 38. Kb5 Be3 39. Be1 Bd4
40. Bh4 Kc7 41. Bf6 Bf2 42. Be7 Bd4 43. Bh4 Be3 44. Be1 Bd4 45. Bd2 Kd6 46. b4
axb4 47. Bxb4+ Kc7 48. a5 bxa5 49. Bxa5+ Kd7 50. Be1 Kd6 1/2-1/2

[Event "Open Tabor 2019"]
[Site "?"]
[Date "2019.07.30"]
[Round "3.10"]
[White "Stinka, Jakub"]
[Black "Krbusik, Marian"]
[Result "1-0"]
[WhiteElo "2135"]
[BlackElo "1881"]
[PlyCount "63"]
[SourceDate "2019.07.29"]

1. d4 Nf6 2. c4 e6 3. Nc3 d5 4. cxd5 exd5 5. Bg5 Be7 6. e3 O-O 7. Bd3 h6 8. Bh4
c6 9. Qc2 a5 10. Nge2 Na6 11. a3 Nc7 12. O-O Re8 13. f3 Ne6 14. Bf2 Bd6 15. h3
Nf8 16. e4 Be7 17. e5 N6h7 18. f4 Bh4 19. Be3 Bd7 20. Rf3 Qc8 21. f5 Bg5 22.
Bxg5 Nxg5 23. Rg3 b5 24. h4 Ngh7 25. Nf4 Qd8 26. f6 g5 27. hxg5 Nxg5 28. Nh3
Bxh3 29. gxh3 Nfe6 30. h4 Nxd4 31. Qf2 Ndf3+ 32. Qxf3 1-0

[Event "Open Tabor 2019"]
[Site "?"]
[Date "2019.07.30"]
[Round "3.11"]
[White "Volodin, Viktor"]
[Black "Hasek, Vaclav"]
[Result "1-0"]
[WhiteElo "2148"]
[BlackElo "1929"]
[PlyCount "107"]
[SourceDate "2019.07.29"]

1. Nf3 d5 2. d4 Nf6 3. c4 c6 4. Nc3 e6 5. Qb3 Qb6 6. c5 Qxb3 7. axb3 Nbd7 8. b4
b5 9. Bf4 Be7 10. e3 Bb7 11. Bd3 O-O 12. h3 Rfc8 13. O-O Bd8 14. Rfd1 a5 15.
bxa5 Rxa5 16. b4 Rxa1 17. Rxa1 Ra8 18. Rxa8 Bxa8 19. g4 Ne8 20. Nxb5 cxb5 21.
Bxb5 Ndf6 22. g5 Nc7 23. Bxc7 Bxc7 24. gxf6 gxf6 25. Ba6 Bc6 26. Nd2 Ba4 27.
Nb1 Kf8 28. Nc3 Be8 29. b5 Ba5 30. b6 Bc6 31. Ne2 Ke7 32. Nc1 Kd7 33. Nd3 Bc3
34. f4 Ba5 35. Kg2 Bc3 36. Kf3 Ba5 37. Ke2 Ba4 38. Nf2 f5 39. Nd3 f6 40. Nb2
Bc6 41. Kd3 Kd8 42. Nd1 Ba4 43. Nc3 Bc6 44. Kc2 Kd7 45. Kb2 Kd8 46. Kb3 Kd7 47.
Bb5 h5 48. h4 Bxb5 49. Nxb5 Kc6 50. Ka4 Bd2 51. Na7+ Kb7 52. Kb5 Bxe3 53. c6+
Ka8 54. c7 1-0

[Event "Open Tabor 2019"]
[Site "?"]
[Date "2019.07.30"]
[Round "3.12"]
[White "Parak, Dominik"]
[Black "Sedivy, Karel"]
[Result "1-0"]
[WhiteElo "2091"]
[BlackElo "1757"]
[PlyCount "93"]
[SourceDate "2019.07.29"]

1. e4 c5 2. Nf3 Nc6 3. d4 cxd4 4. Nxd4 Nf6 5. Nc3 e5 6. Ndb5 d6 7. Bg5 a6 8.
Na3 b5 9. Bxf6 gxf6 10. Nd5 Bg7 11. Qd3 Be6 12. c3 O-O 13. Nc2 Ne7 14. Nce3
Nxd5 15. exd5 Bd7 16. Qe4 f5 17. Nxf5 Bxf5 18. Qxf5 e4 19. Be2 Qe7 20. O-O Qe5
21. Bg4 Rae8 22. Rad1 h5 23. Qxe5 Rxe5 24. Bd7 Re7 25. Bc6 f5 26. Rfe1 f4 27.
Re2 e3 28. a4 Rb8 29. axb5 axb5 30. Rd3 exf2+ 31. Kxf2 Rxe2+ 32. Kxe2 b4 33.
Kf3 bxc3 34. bxc3 Be5 35. c4 Kf8 36. Ra3 Ke7 37. Bb5 Kf6 38. Ra7 Kg5 39. Ke4
Kf6 40. Rh7 Kg6 41. Re7 Kg5 42. Rxe5+ dxe5 43. Kxe5 h4 44. h3 Ra8 45. d6 Ra2
46. d7 Re2+ 47. Kd6 1-0

[Event "Open Tabor 2019"]
[Site "?"]
[Date "2019.07.30"]
[Round "3.13"]
[White "Rolinkova, Lucie"]
[Black "Mikulas, Dusan"]
[Result "0-1"]
[WhiteElo "1703"]
[BlackElo "2010"]
[PlyCount "70"]
[SourceDate "2019.07.29"]

1. d4 d5 2. Bf4 Nf6 3. e3 e6 4. Nf3 c5 5. c3 Nc6 6. Nbd2 Bd6 7. Bg3 Bxg3 8.
hxg3 Qe7 9. Bd3 e5 10. dxe5 Nxe5 11. Nxe5 Qxe5 12. Bb5+ Ke7 13. Nf3 Qd6 14. Qc2
Be6 15. O-O-O Qb6 16. Bd3 Qa5 17. a3 b5 18. Ne5 Rhc8 19. Kb1 Qb6 20. b4 a5 21.
Qb2 Ra7 22. bxc5 Rxc5 23. f4 Rac7 24. Rc1 h6 25. Rc2 Ne4 26. Bxe4 dxe4 27. Rd1
b4 28. axb4 axb4 29. Rd4 b3 30. Rc1 Qa5 31. Rb4 f6 32. f5 Qa2+ 33. Qxa2 bxa2+
34. Ka1 Bxf5 35. g4 Bh7 0-1

[Event "Open Tabor 2019"]
[Site "?"]
[Date "2019.07.30"]
[Round "3.14"]
[White "Rolinek, Dominik"]
[Black "Alexa, Jaroslav"]
[Result "0-1"]
[WhiteElo "2004"]
[BlackElo "1734"]
[PlyCount "51"]
[SourceDate "2019.07.29"]

1. d4 d5 2. Bf4 Nf6 3. e3 a6 4. Bd3 Bg4 5. f3 Bh5 6. Ne2 e6 7. O-O Bd6 8. Nbc3
Bg6 9. Bxd6 Qxd6 10. e4 e5 11. dxe5 Qxe5 12. exd5 Qe3+ 13. Kh1 Bxd3 14. Qxd3
Qxd3 15. cxd3 Kd7 16. Nf4 Re8 17. Ne4 Ke7 18. Rac1 c6 19. dxc6 Nxc6 20. Nxf6
gxf6 21. Nd5+ Kd6 22. Nxf6 Re3 23. Nxh7 Rxd3 24. Ng5 f5 25. Rc2 Nd4 26. Nf7+
0-1